Tractatus de officialibus Reipublicae, necnon oppidorum utriusque Castellae, tum de eorumdem electione, usu et exercitio. Opus non solum tironibus, sed etiam magistris pernecessarium. Duplici indice, capitum scilicet, & rerum locupletatum / D. Antonii Fernandez de Otero I. C. carrionensis, olim in Pintiana Acad. institutionum civilium cathedrae moderatoris; deinde in Pintiano regio senatu forensium causarum patroni

Detalles Bibliográficos
Autor principal: Fernández de Otero, Antonio, fl. 1625
Formato: Libro
Lenguaje:Latin
Publicado: Lugduni : sumptibus Joannis Coutavoz, 1700.
Edición:Editio secunda
Materias:
Colección:Banco de datos
Acervo:Fondo Bibliográfico Antiguo Víctor Manuel Castillo de la Universidad de Ciencias y Artes de Chiapas
Descripción Física:[2] h., 278 p., [17] h. ; f°
Tema general:Derecho civil
Notas:Portada tipográfica a dos tintas con pleca y marca del impresor en grabado xilográfico. Texto a dos columnas. Incluye cabecera de título historiada en grabado xilográfico. Incluye capitular en grabado xilográfico. Encuadernación en piel sobre cartón. Daños de foxín, polilla y en la encuadernación, falta lomo
LEADER 01478nam a22002170004500
035 |a 1359 
041 0 |a lat 
100 1 |a Fernández de Otero, Antonio, fl. 1625 
245 1 0 |a Tractatus de officialibus Reipublicae, necnon oppidorum utriusque Castellae, tum de eorumdem electione, usu et exercitio. Opus non solum tironibus, sed etiam magistris pernecessarium. Duplici indice, capitum scilicet, & rerum locupletatum / D. Antonii Fernandez de Otero I. C. carrionensis, olim in Pintiana Acad. institutionum civilium cathedrae moderatoris; deinde in Pintiano regio senatu forensium causarum patroni 
250 |a Editio secunda 
260 |a Lugduni : sumptibus Joannis Coutavoz, 1700. 
300 |a [2] h., 278 p., [17] h. ; f° 
500 |a Portada tipográfica a dos tintas con pleca y marca del impresor en grabado xilográfico. Texto a dos columnas. Incluye cabecera de título historiada en grabado xilográfico. Incluye capitular en grabado xilográfico. Encuadernación en piel sobre cartón. Daños de foxín, polilla y en la encuadernación, falta lomo  
501 |a 1 obra 
504 |a Al principio de la obra están Index capitum y carta al lector 
504 |a Al final de la obra está Index verborum et rerum 
650 1 0 |a Derecho civil 
949 |a UNICACH, Colección de Víctor Manuel Castillo: 05306-A 
942 |c CHIACASTI 
943 |g Fondo Bibliográfico Antiguo Víctor Manuel Castillo de la Universidad de Ciencias y Artes de Chiapas 
999 |c 1099655  |d 1099655